[Event "IECG RH.2007.0.00066 email"]
[Site "IECG email"]
[Date "2007.03.05"]
[Round "?"]
[White "Weiss Lauer, Frederic"]
[Black "Helmer, Janos"]
[Result "0-1"]
[WhiteElo "2092"]
[BlackElo "2190"]
[PlyCount "51"]
[EventDate "2007.03.05"]
[EventType "tourn (corr)"]
[EventRounds "6"]
[SourceTitle "Corr 2008"]
[Source "ChessBase"]
[SourceDate "2008.06.24"]
[SourceVersion "1"]
[SourceVersionDate "2008.06.24"]
[SourceQuality "1"]

1. e4 c5 2. c3 Nf6 3. e5 Nd5 4. d4 cxd4 5. cxd4 d6 6. Nf3 Nc6 7. Bc4 Nb6 8. Bb5 dxe5 9. Nxe5 Bd7 10. Nxd7 Qxd7 11. Nc3 e6 12. 0-0 Be7 13. Qg4 0-0 14. Bxc6 Qxc6 15. Bh6 Bf6 16. Rfd1 Qd6 17. Ne4 Qe7 18. Rd3 Rfc8 19. Rg3 g6 20. Nxf6+ Qxf6 21. Rf3 Qe7 22. Qe4 Nd5 23. Qe5 f6 24. Qe4 Rc6 25. Re1 Rac8 26. Qxd5 0-1